| 000 | 00851nab a2200277 4500 | ||
|---|---|---|---|
| 003 | BR-BrBNA | ||
| 005 | 20250619130730.0 | ||
| 008 | 250619b bl.||||| |||| 00| 0 por d | ||
| 040 |
_aBR-BrBNA _bpor |
||
| 072 |
_aF30 ; F01 ; E70 _b0430 |
||
| 100 | _aVital, Nicholas | ||
| 245 |
_aAlgodão salva o sertão _bAgrotecnologia |
||
| 500 | _a7 illus. | ||
| 650 | _aVEGETAL TRANSGÊNICO | ||
| 650 | _aALGODÃO | ||
| 650 | _aSUBPRODUTO | ||
| 650 | _aPLUMA | ||
| 650 | _aSEMENTE | ||
| 650 | _aÓLEO VEGETAL | ||
| 650 | _aTORTA | ||
| 650 | _aRENTABILIDADE | ||
| 650 | _aNORTE DE MINAS GERAIS | ||
| 773 | 0 |
_01706 _9347885 _dSão Paulo-SP Editora Três Ltda - E-mail: luizfsa@revistadinheiro.com.br 2004 _o2025-0384 _tDinheiro Rural (Brazil) _x1807-3700 _gv. 6(58) p. 44-46; (Aug 2009) _wBR2025003566 |
|
| 942 | _cANA | ||
| 999 |
_c332141 _d332141 |
||